| 000 | 00555nam a2200169Ia 4500 | ||
|---|---|---|---|
| 008 | 090711s9999 xx 000 0 und d | ||
| 082 | _b654 | ||
| 100 | _aघारे दीपक | ||
| 245 | _aआपुलेनि अवकाशे..... | ||
| 260 |
_bमॅजेस्टीक प्रकाशन _c1997 |
||
| 300 | _a153 | ||
| 600 | _aघारे दीपक | ||
| 630 | _aआपुलेनि अवकाशे..... | ||
| 700 | _aघारे दीपक | ||
| 730 | _aआपुलेनि अवकाशे..... | ||
| 942 | _cBOOK | ||
| 999 |
_c324151 _d324151 |
||